<?xml version="1.0" encoding="UTF-8"?>
<record
    xmlns:xsi="http://www.w3.org/2001/XMLSchema-instance"
    xsi:schemaLocation="http://www.loc.gov/MARC21/slim http://www.loc.gov/standards/marcxml/schema/MARC21slim.xsd"
    xmlns="http://www.loc.gov/MARC21/slim">

  <leader>03779namaa22004211i 4500</leader>
  <controlfield tag="003">OSt</controlfield>
  <controlfield tag="005">20260302095600.0</controlfield>
  <controlfield tag="008">250827s2025    ua a|||frm||| 000 0 eng d</controlfield>
  <datafield tag="040" ind1=" " ind2=" ">
    <subfield code="a">EG-GICUC</subfield>
    <subfield code="b">ara</subfield>
    <subfield code="c">EG-GICUC</subfield>
    <subfield code="d">EG-GICUC</subfield>
    <subfield code="e">rda</subfield>
  </datafield>
  <datafield tag="041" ind1="0" ind2=" ">
    <subfield code="a">ara</subfield>
    <subfield code="b">ara</subfield>
    <subfield code="b">eng</subfield>
  </datafield>
  <datafield tag="049" ind1=" " ind2=" ">
    <subfield code="a">&#x625;&#x64A;&#x62F;&#x627;&#x639;</subfield>
  </datafield>
  <datafield tag="082" ind1="0" ind2="4">
    <subfield code="a">070.43</subfield>
  </datafield>
  <datafield tag="092" ind1=" " ind2=" ">
    <subfield code="a">070.43</subfield>
    <subfield code="2">21</subfield>
  </datafield>
  <datafield tag="097" ind1=" " ind2=" ">
    <subfield code="a">&#x645;&#x640;&#x640;&#x640;&#x640;&#x627;&#x62C;&#x633;&#x62A;&#x64A;&#x631;</subfield>
  </datafield>
  <datafield tag="099" ind1=" " ind2=" ">
    <subfield code="a">Cai01.15.02.M.Sc.2025.&#x625;&#x64A;.&#x62A;</subfield>
  </datafield>
  <datafield tag="100" ind1="0" ind2=" ">
    <subfield code="a">&#x60C;&#x625;&#x64A;&#x645;&#x627;&#x646; &#x645;&#x627;&#x647;&#x631; &#x633;&#x64A;&#x62F; &#x639;&#x628;&#x62F;&#x627;&#x644;&#x62C;&#x648;&#x627;&#x62F;</subfield>
    <subfield code="e">&#x625;&#x639;&#x62F;&#x627;&#x62F;.</subfield>
  </datafield>
  <datafield tag="245" ind1="1" ind2="0">
    <subfield code="a">&#x62A;&#x623;&#x62B;&#x64A;&#x631; &#x627;&#x633;&#x62A;&#x62E;&#x62F;&#x627;&#x645; &#x642;&#x648;&#x627;&#x639;&#x62F; &#x62A;&#x647;&#x64A;&#x626;&#x629; &#x645;&#x62D;&#x631;&#x643;&#x627;&#x62A; &#x627;&#x644;&#x628;&#x62D;&#x62B; &#x641;&#x64A; &#x627;&#x644;&#x645;&#x648;&#x627;&#x642;&#x639; &#x627;&#x644;&#x635;&#x62D;&#x641;&#x64A;&#x629; &#x627;&#x644;&#x645;&#x635;&#x631;&#x64A;&#x629; &#x639;&#x644;&#x649; &#x627;&#x639;&#x62A;&#x645;&#x627;&#x62F; &#x627;&#x644;&#x634;&#x631;&#x643;&#x627;&#x62A; &#x639;&#x644;&#x64A;&#x647;&#x627; &#x641;&#x64A; &#x639;&#x631;&#x636; &#x627;&#x644;&#x645;&#x62D;&#x62A;&#x648;&#x649; &#x627;&#x644;&#x645;&#x62F;&#x641;&#x648;&#x639; /</subfield>
    <subfield code="c">&#x625;&#x639;&#x62F;&#x627;&#x62F; &#x625;&#x64A;&#x645;&#x627;&#x646; &#x645;&#x627;&#x647;&#x631; &#x633;&#x64A;&#x62F; &#x639;&#x628;&#x62F;&#x627;&#x644;&#x62C;&#x648;&#x627;&#x62F;&#x61B; &#x625;&#x634;&#x631;&#x627;&#x641; &#x62F;. &#x633;&#x645;&#x627;&#x62D; &#x639;&#x628;&#x62F; &#x627;&#x644;&#x631;&#x627;&#x632;&#x642; &#x627;&#x644;&#x634;&#x647;&#x627;&#x648;&#x64A;.</subfield>
  </datafield>
  <datafield tag="246" ind1="1" ind2="5">
    <subfield code="a">The impact of search engine optimization seo techniques on egyptian news websites and its effect on corporate reliance for paid content placement /</subfield>
  </datafield>
  <datafield tag="264" ind1=" " ind2="0">
    <subfield code="c">2025.</subfield>
  </datafield>
  <datafield tag="300" ind1=" " ind2=" ">
    <subfield code="a">191 &#x648;&#x631;&#x642;&#x629; :</subfield>
    <subfield code="b">&#x625;&#x64A;&#x636;&#x627;&#x62D;&#x64A;&#x627;&#x62A; &#x61B; </subfield>
    <subfield code="c">30 &#x633;&#x645;. + </subfield>
    <subfield code="e">CD.</subfield>
  </datafield>
  <datafield tag="336" ind1=" " ind2=" ">
    <subfield code="a">text</subfield>
    <subfield code="2">rda content</subfield>
  </datafield>
  <datafield tag="337" ind1=" " ind2=" ">
    <subfield code="a">Unmediated</subfield>
    <subfield code="2">rdamedia</subfield>
  </datafield>
  <datafield tag="338" ind1=" " ind2=" ">
    <subfield code="a">volume</subfield>
    <subfield code="2">rdacarrier</subfield>
  </datafield>
  <datafield tag="502" ind1=" " ind2=" ">
    <subfield code="a">&#x623;&#x637;&#x631;&#x648;&#x62D;&#x629; (&#x645;&#x627;&#x62C;&#x633;&#x62A;&#x64A;&#x631;)-&#x62C;&#x627;&#x645;&#x639;&#x629; &#x627;&#x644;&#x642;&#x627;&#x647;&#x631;&#x629;&#x60C; 2025.  </subfield>
  </datafield>
  <datafield tag="504" ind1=" " ind2=" ">
    <subfield code="a">&#x628;&#x628;&#x644;&#x64A;&#x648;&#x62C;&#x631;&#x627;&#x641;&#x64A;&#x627;: &#x635;&#x641;&#x62D;&#x627;&#x62A; 141-150.</subfield>
  </datafield>
  <datafield tag="520" ind1=" " ind2=" ">
    <subfield code="a">&#x62A;&#x633;&#x62A;&#x643;&#x634;&#x641; &#x647;&#x630;&#x647; &#x627;&#x644;&#x62F;&#x631;&#x627;&#x633;&#x629; &#x627;&#x644;&#x639;&#x644;&#x627;&#x642;&#x629; &#x628;&#x64A;&#x646; &#x645;&#x645;&#x627;&#x631;&#x633;&#x627;&#x62A; &#x62A;&#x647;&#x64A;&#x626;&#x629; &#x645;&#x62D;&#x631;&#x643;&#x627;&#x62A; &#x627;&#x644;&#x628;&#x62D;&#x62B; (SEO) &#x641;&#x64A; &#x627;&#x644;&#x645;&#x648;&#x627;&#x642;&#x639; &#x627;&#x644;&#x635;&#x62D;&#x641;&#x64A;&#x629; &#x627;&#x644;&#x645;&#x635;&#x631;&#x64A;&#x629; &#x648;&#x627;&#x639;&#x62A;&#x645;&#x627;&#x62F; &#x627;&#x644;&#x634;&#x631;&#x643;&#x627;&#x62A; &#x627;&#x644;&#x645;&#x635;&#x631;&#x64A;&#x629; &#x639;&#x644;&#x649; &#x62A;&#x644;&#x643; &#x627;&#x644;&#x645;&#x648;&#x627;&#x642;&#x639; &#x644;&#x646;&#x634;&#x631; &#x645;&#x62D;&#x62A;&#x648;&#x649; &#x645;&#x62F;&#x641;&#x648;&#x639; &#x639;&#x646; &#x62E;&#x62F;&#x645;&#x627;&#x62A;&#x647;&#x627;&#x60C; &#x645;&#x646;&#x62A;&#x62C;&#x627;&#x62A;&#x647;&#x627;&#x60C; &#x623;&#x648; &#x639;&#x646; &#x627;&#x644;&#x634;&#x631;&#x643;&#x629; &#x646;&#x641;&#x633;&#x647;&#x627;. &#x648;&#x648;&#x62C;&#x62F;&#x62A; &#x627;&#x644;&#x62F;&#x631;&#x627;&#x633;&#x629; &#x648;&#x62C;&#x648;&#x62F; &#x639;&#x644;&#x627;&#x642;&#x629; &#x625;&#x64A;&#x62C;&#x627;&#x628;&#x64A;&#x629; &#x628;&#x64A;&#x646; &#x645;&#x62A;&#x63A;&#x64A;&#x631;&#x64A; &#x627;&#x644;&#x62F;&#x631;&#x627;&#x633;&#x629;&#x60C; &#x645;&#x645;&#x627; &#x64A;&#x634;&#x64A;&#x631; &#x625;&#x644;&#x649; &#x623;&#x646; &#x62A;&#x647;&#x64A;&#x626;&#x629; &#x645;&#x62D;&#x631;&#x643;&#x627;&#x62A; &#x627;&#x644;&#x628;&#x62D;&#x62B; &#x62A;&#x639;&#x62F; &#x639;&#x627;&#x645;&#x644;&#x64B;&#x627; &#x645;&#x647;&#x645;&#x64B;&#x627; &#x641;&#x64A; &#x62C;&#x630;&#x628; &#x627;&#x644;&#x645;&#x62D;&#x62A;&#x648;&#x649; &#x627;&#x644;&#x645;&#x62F;&#x641;&#x648;&#x639; &#x648;&#x632;&#x64A;&#x627;&#x62F;&#x629; &#x627;&#x644;&#x632;&#x64A;&#x627;&#x631;&#x627;&#x62A; &#x639;&#x644;&#x649; &#x627;&#x644;&#x645;&#x648;&#x642;&#x639;&#x60C; &#x643;&#x645;&#x627; &#x62A;&#x633;&#x644;&#x637; &#x627;&#x644;&#x62F;&#x631;&#x627;&#x633;&#x629; &#x627;&#x644;&#x636;&#x648;&#x621; &#x639;&#x644;&#x649; &#x627;&#x644;&#x62A;&#x62D;&#x62F;&#x64A;&#x627;&#x62A; &#x627;&#x644;&#x62A;&#x64A; &#x62A;&#x648;&#x627;&#x62C;&#x647;&#x647;&#x627; &#x627;&#x644;&#x645;&#x648;&#x627;&#x642;&#x639; &#x627;&#x644;&#x635;&#x62D;&#x641;&#x64A;&#x629; &#x627;&#x644;&#x645;&#x635;&#x631;&#x64A;&#x629; &#x641;&#x64A; &#x62A;&#x62D;&#x642;&#x64A;&#x642; &#x627;&#x644;&#x62A;&#x648;&#x627;&#x632;&#x646; &#x628;&#x64A;&#x646; &#x627;&#x644;&#x62D;&#x627;&#x62C;&#x629; &#x625;&#x644;&#x649; &#x627;&#x644;&#x625;&#x64A;&#x631;&#x627;&#x62F;&#x627;&#x62A; &#x645;&#x646; &#x627;&#x644;&#x645;&#x62D;&#x62A;&#x648;&#x649; &#x627;&#x644;&#x645;&#x62F;&#x639;&#x648;&#x645; &#x648;&#x627;&#x644;&#x625;&#x644;&#x62A;&#x632;&#x627;&#x645; &#x628;&#x623;&#x62E;&#x644;&#x627;&#x642;&#x64A;&#x627;&#x62A; &#x627;&#x644;&#x645;&#x645;&#x627;&#x631;&#x633;&#x629; &#x627;&#x644;&#x635;&#x62D;&#x641;&#x64A;&#x629; &#x627;&#x644;&#x62A;&#x64A; &#x62A;&#x646;&#x635; &#x639;&#x644;&#x649; &#x639;&#x62F;&#x645; &#x62E;&#x62F;&#x627;&#x639; &#x627;&#x644;&#x62C;&#x645;&#x647;&#x648;&#x631;.</subfield>
  </datafield>
  <datafield tag="520" ind1=" " ind2=" ">
    <subfield code="a">This research explores the relationship between Search Engine Optimization (SEO) practices and the reliance of Egyptian companies on news websites for paid content placement. The study found a positive correlation between the two aspects, suggesting that SEO is a significant factor in attracting paid content and increasing website traffic. The research also highlights the challenges faced by Egyptian news websites in balancing the need for revenue from sponsored content with maintaining journalistic integrity.</subfield>
  </datafield>
  <datafield tag="530" ind1=" " ind2=" ">
    <subfield code="a">&#x635;&#x62F;&#x631; &#x623;&#x64A;&#x636;&#x64B;&#x627; &#x643;&#x642;&#x631;&#x635; &#x645;&#x62F;&#x645;&#x62C;.</subfield>
  </datafield>
  <datafield tag="546" ind1=" " ind2=" ">
    <subfield code="a">&#x627;&#x644;&#x646;&#x635; &#x628;&#x627;&#x644;&#x639;&#x631;&#x628;&#x64A;&#x629; &#x648;&#x627;&#x644;&#x645;&#x644;&#x62E;&#x635; &#x628;&#x627;&#x644;&#x644;&#x63A;&#x629; &#x627;&#x644;&#x625;&#x646;&#x62C;&#x644;&#x64A;&#x632;&#x64A;&#x629; &#x648;&#x627;&#x644;&#x639;&#x631;&#x628;&#x64A;&#x629;.</subfield>
  </datafield>
  <datafield tag="650" ind1=" " ind2="7">
    <subfield code="a">&#x627;&#x644;&#x627;&#x646;&#x628;&#x627;&#x621;</subfield>
    <subfield code="2">qrmak</subfield>
    <subfield code="x">&#x645;&#x635;&#x627;&#x62F;&#x631;</subfield>
  </datafield>
  <datafield tag="650" ind1=" " ind2="7">
    <subfield code="a">&#x627;&#x644;&#x627;&#x646;&#x628;&#x627;&#x621;</subfield>
    <subfield code="2">qrmak</subfield>
    <subfield code="x">&#x62A;&#x62C;&#x645;&#x64A;&#x639;</subfield>
  </datafield>
  <datafield tag="653" ind1=" " ind2="0">
    <subfield code="a">&#x62A;&#x647;&#x64A;&#x626;&#x629; &#x645;&#x62D;&#x631;&#x643;&#x627;&#x62A; &#x627;&#x644;&#x628;&#x62D;&#x62B;</subfield>
    <subfield code="a">&#x62A;&#x627;&#x631;&#x64A;&#x62E; &#x62A;&#x647;&#x64A;&#x626;&#x629; &#x645;&#x62D;&#x631;&#x643;&#x627;&#x62A; &#x627;&#x644;&#x628;&#x62D;&#x62B; &#x641;&#x64A; &#x645;&#x635;&#x631;</subfield>
    <subfield code="a">&#x62A;&#x647;&#x64A;&#x626;&#x629; &#x645;&#x62D;&#x631;&#x643;&#x627;&#x62A; &#x627;&#x644;&#x628;&#x62D;&#x62B; &#x641;&#x64A; &#x627;&#x644;&#x635;&#x62D;&#x627;&#x641;&#x629; &#x627;&#x644;&#x645;&#x635;&#x631;&#x64A;&#x629;</subfield>
  </datafield>
  <datafield tag="700" ind1="0" ind2=" ">
    <subfield code="a">&#x633;&#x645;&#x627;&#x62D; &#x639;&#x628;&#x62F; &#x627;&#x644;&#x631;&#x627;&#x632;&#x642; &#x627;&#x644;&#x634;&#x647;&#x627;&#x648;&#x64A;</subfield>
    <subfield code="e">&#x645;&#x634;&#x631;&#x641; &#x623;&#x637;&#x631;&#x648;&#x62D;&#x629;.</subfield>
  </datafield>
  <datafield tag="900" ind1=" " ind2=" ">
    <subfield code="b">01-01-2025</subfield>
    <subfield code="c">&#x633;&#x645;&#x627;&#x62D; &#x639;&#x628;&#x62F; &#x627;&#x644;&#x631;&#x627;&#x632;&#x642; &#x627;&#x644;&#x634;&#x647;&#x627;&#x648;&#x64A;</subfield>
    <subfield code="d">&#x633;&#x647;&#x64A;&#x631; &#x639;&#x62B;&#x645;&#x627;&#x646; &#x639;&#x628;&#x62F;&#x627;&#x644;&#x62D;&#x644;&#x64A;&#x645; </subfield>
    <subfield code="d">&#x641;&#x627;&#x637;&#x645;&#x629; &#x627;&#x644;&#x632;&#x647;&#x631;&#x627;&#x621; &#x639;&#x628;&#x62F; &#x627;&#x644;&#x641;&#x62A;&#x627;&#x62D; </subfield>
    <subfield code="U">&#x62C;&#x627;&#x645;&#x639;&#x629; &#x627;&#x644;&#x642;&#x627;&#x647;&#x631;&#x629; </subfield>
    <subfield code="F">&#x643;&#x644;&#x64A;&#x629; &#x627;&#x644;&#x625;&#x639;&#x644;&#x627;&#x645;</subfield>
    <subfield code="D">&#x642;&#x633;&#x645; &#x627;&#x644;&#x635;&#x62D;&#x627;&#x641;&#x629; &#x627;&#x644;&#x625;&#x644;&#x643;&#x62A;&#x631;&#x648;&#x646;&#x64A;&#x629;</subfield>
  </datafield>
  <datafield tag="905" ind1=" " ind2=" ">
    <subfield code="a">Sara</subfield>
    <subfield code="e">Afaf</subfield>
  </datafield>
  <datafield tag="942" ind1=" " ind2=" ">
    <subfield code="2">ddc</subfield>
    <subfield code="c">TH</subfield>
    <subfield code="e">21</subfield>
    <subfield code="n">0</subfield>
  </datafield>
  <datafield tag="999" ind1=" " ind2=" ">
    <subfield code="c">178251</subfield>
  </datafield>
  <datafield tag="952" ind1=" " ind2=" ">
    <subfield code="2">ddc</subfield>
    <subfield code="9">314505</subfield>
    <subfield code="a">CUCL</subfield>
    <subfield code="b">cl210</subfield>
    <subfield code="d">2026-02-08</subfield>
    <subfield code="i">32936</subfield>
    <subfield code="o">Cai01.15.02.M.Sc.2025.&#x625;&#x64A;.&#x62A;</subfield>
    <subfield code="p">01010100032936000</subfield>
    <subfield code="r">2026-02-08 11:57:00</subfield>
    <subfield code="w">2026-02-08</subfield>
    <subfield code="y">TH</subfield>
  </datafield>
</record>
